Logo BPK

Biblioteka

Politechniki Koszalińskiej

Die Architektur der Deutschen Renaissance / (Rekord nr 7858)

Szczegóły MARC
000 -ETYKIETA REKORDU
podpole kontrolne o stałej długości 00475nam a2200169 i 4500
001 - NUMER KONTROLNY REKORDU
pole kontrolne bg
040 ## - ŹRÓDŁO KATALOGOWANIA
Instytucja, która utworzyła rekord BPK
041 ## - KOD JĘZYKA
Kod języka tekstu pol
080 ## - UNIWERSALNA KLASYFIKACJA DZIESIĘTNA - UKD
UKD 72(430)"13/15"
008 - POLE O STAŁEJ DŁUGOŚCI - DANE KONTROLNE
podpole kontrolne o stałej długości s pl f |000 0 pol
100 1# - NAZWA OSOBOWA
Nazwa osobowa HORST, Carl
245 #0 - TYTUŁ/ODPOWIEDZIALNOŚĆ
Tytuł Die Architektur der Deutschen Renaissance /
Pozostałe elementy strefy tytułu i oznaczenia odpowiedzialności von Carl Horst.
260 ## - STREFA ADRESU WYDAWNICZEGO
Miejsce wydania Berlin :
Nazwa wydawcy/dystrybutora Propyläen-Verlag,
Data publikacji, dystrybucji/powstania dokumentu 1928.
300 ## - STREFA OPISU FIZYCZNEGO
Objętość 326, [1] s., 16 k. tabl. :
Inne cechy fizyczne il. ;
Rozmiary 27 cm.
650 #9 - HASŁO PRZEDMIOTOWE W FORMIE NAZWY OGÓLNEJ LUB JEDNOSTKOWEJ
Nazwa ogólna lub geograficzna Architektura niemiecka
Określnik chronologiczny 14-16 w.
856 ## - LOKALIZACJA I DOSTĘP DO ELEKTRONICZNYCH DOKUMENTÓW ZDALNYCH
Link (URL) http://koha.tu.koszalin.pl/cgi-bin/koha/opac-detail.pl?biblionumber=7858
Tekst linku Katalog online BPK
942 ## - DODATKOWE ELEMENTY (KOHA)
Typ dokumentu Książka
Egzemplarze
Wycofany Status egzemplarza Uszkodzony Ograniczenia udostępniania Dostępność Kolekcja Lokalizacja stała Lokalizacja bieżąca Miejsce przechowywania Sygnatura Kod kreskowy Dział Typ dokumentu Uwaga przeznaczona na użytek publiczny
      Dostęp zastrzeżony Tylko na miejscu Bibliotekarstwo Biblioteka Politechniki Koszalińskiej Biblioteka Politechniki Koszalińskiej Zbiory Wewnętrzne 4101 02133096 0/9(03) Encyklopedie. Leksykony Książka D5
© 2023 Biblioteka Politechniki Koszalińskiej :: KOHA